• 首页
  • 本馆介绍
  • 公告通知
  • 最新文献
  • 馆藏检索
  • 电子资源
  • 读者导购
  • 参考咨询
  • 我的图书馆
  • 登录
  • 详细信息显示
  • 放入我的书架
  • 预约/预借图书
  • 作者相关作品
  • 分类相关作品
  • 丛书相关作品
  • 出版社相关作品

书目信息

  • 表格格式
  • 工作单格式
  • 卡片格式
题名:
土木工程概论
    
 
作者: 刘明 主编
分册:  
出版信息: 大连   大连理工大学出版社  2017
页数: 168页
开本: 26cm
丛书名:
单 册:
中图分类: TU-43
科图分类:
主题词: 土木工程--高等教育--教材
电子资源:
ISBN: 978-7-5685-1002-8
000 00945nam0 2200241 450
001 0104328772
005 20171201155134.0
010    @a978-7-5685-1002-8@dCNY26.80
100    @a20171024d2017 em y0chiy0120 ea
101 0  @achi
102    @aCN@b210000
105    @aa z 000yy
106    @ar
200 1  @a土木工程概论@9Tu Mu Gong Cheng Gai Lun @f刘明主编@b专著
210    @a大连@c大连理工大学出版社@d2017
215    @a168页@c图@d26cm
300    @a新世纪普通高等教育土木工程类课程规划教材/李宏男总主编
330    @a本书以土木工程的建设全寿命周期、工程项目参与方和从业人员为主线,以土木工程的定义和分类为期切入点,重点阐述土木工程结构,土木工程设计,土木工程施工,土木工程监理,土木工程检测、鉴定与修缮,土木工程教育与职业规划、土木工程的辉煌成就和发展趋势。
606 0  @a土木工程@x高等教育@j教材
690    @aTU-43@v5
701  0 @a刘明@f(1962.5~)@4主编@9liu ming
801  0 @aCN@bAZmarc@c20230904
905    @aBZT@dTU-43@e13@f2@sTU-43/13
    
    土木工程概论/刘明主编.-大连:大连理工大学出版社,2017
    168页:图;26cm
    新世纪普通高等教育土木工程类课程规划教材/李宏男总主编
    
    ISBN 978-7-5685-1002-8:CNY26.80
    本书以土木工程的建设全寿命周期、工程项目参与方和从业人员为主线,以土木工程的定义和分类为期切入点,重点阐述土木工程结构,土木工程设计,土木工程施工,土木工程监理,土木工程检测、鉴定与修缮,土木工程教育与职业规划、土木工程的辉煌成就和发展趋势。
●
相关链接 在五车中查询图书 在当当中查询图书 在豆瓣中查询图书


正题名:土木工程概论     索取号:TU-43/13         预约/预借

序号 登录号 条形码 馆藏地/架位号 状态 备注
山东省滨州职业学院图书馆 欢迎您!
大连网信软件有限公司© 版权所有